Played Both For Manchester City and Liverpool Quiz Stats

 Plays Quiz not verified by Sporcle

Score 0/15 Timer 04:00
0 Plays Today
Θέση Παίκτης % Correct
FWRobbie Fowler
73.6%
LB/RB/CMF/DMF/RMF/LMF/CF/SS/AMFJames Milner
72.4%
MF / FWΡΑΧΕΙΜΑΡΟΣ
70.7%
GKDavid James
60.9%
DFKolo Toure
54.6%
MF / FWSteve McManaman
51.1%
FWCraig Bellamy
46.6%
MFDietmar Hamann
46%
Θέση Παίκτης % Correct
FWNicolas Anelka
44.8%
FWDaniel Sturridge
42.5%
FWSuper Mario
25.3%
MFSteve McMahon
15.5%
MFAlbert Riera
12.6%
MF / FW Peter Beardsley
6.9%
FWMatt Busby
2.3%

You're not logged in!

Compare scores with friends on all Sporcle quizzes.
OR
Log In

Sporcle TV

Today on Sporcle TV


Watch our educational content, quiz creation guides, and fun videos on Sporcle TV.

Show Comments

Extras

Top Quizzes Today


Score Distribution

Your Account Isn't Verified!

In order to create a playlist on Sporcle, you need to verify the email address you used during registration. Go to your Sporcle Settings to finish the process.

Report this User

Report this user for behavior that violates our Community Guidelines.

Details: